Kurze Lehrgang der Englischen Sprache mit besonderer Berücksichtigung der konversation (Record no. 5416)

MARC details
000 -CABECERA
campo de control de longitud fija 00756nam a2200241 a 4500
001 - NÚMERO DE CONTROL
campo de control BRCA_5726
005 - FECHA Y HORA DE LA ÚLTIMA TRANSACCIÓN
campo de control 20190320205207.0
008 - DATOS DE LONGITUD FIJA--INFORMACIÓN GENERAL
campo de control de longitud fija 040311s1896----gw-#######---#001-0#ger-#
041 ## - CÓDIGO DE LENGUA
Código de lengua del texto/banda sonora o título independiente ger
044 ## - CÓDIGO DEL PAÍS DE LA ENTIDAD EDITORA/PRODUCTORA
Código MARC del país gw
050 #4 - SIGNATURA TOPOGRÁFICA DE LA BIBLIOTECA DEL CONGRESO
Número de clasificación PE211
Número de documento/Ítem .K37 1896
100 1# - ENTRADA PRINCIPAL--NOMBRE DE PERSONA
Nombre de persona Kares, Otto
9 (RLIN) 14532
245 10 - MENCIÓN DE TÍTULO
Título Kurze Lehrgang der Englischen Sprache mit besonderer Berücksichtigung der konversation
Mención de responsabilidad, etc. Otto Kares.
260 ## - PUBLICACIÓN, DISTRIBUCIÓN, ETC.
Lugar de publicación, distribución, etc. Dresden
Nombre del editor, distribuidor, etc. L. Ehlermann
Fecha de publicación, distribución, etc. 1896
300 ## - DESCRIPCIÓN FÍSICA
Extensión 250 p.
Dimensiones 21 cm.
500 ## - NOTA GENERAL
Nota general Incluye índice alfabético
500 ## - NOTA GENERAL
Nota general Estado físico: presenta páginas marcadas y con manchas de tinta
500 ## - NOTA GENERAL
Nota general H45
650 14 - PUNTO DE ACCESO ADICIONAL DE MATERIA--TÉRMINO DE MATERIA
Término de materia o nombre geográfico como elemento de entrada Aprendizaje de inglés
Subdivisión geográfica Dresden
9 (RLIN) 14533
650 14 - PUNTO DE ACCESO ADICIONAL DE MATERIA--TÉRMINO DE MATERIA
Término de materia o nombre geográfico como elemento de entrada Comprensión de inglés
Subdivisión geográfica Dresden
9 (RLIN) 14534
902 ## - CATALOGADOR
Iniciales GFM
942 ## - ELEMENTOS DE PUNTO DE ACCESO ADICIONAL (KOHA)
Fuente del sistema de clasificación o colocación Library of Congress Classification
Tipo de ítem Koha Libros
Holdings
Estado de retiro Estado de pérdida Estado dañado No para préstamo Localización permanente Ubicación/localización actual Fecha de adquisición Número de inventario Total de préstamos Signatura topográfica completa Código de barras Fecha visto por última vez Precio válido a partir de Tipo de ítem Koha
El ejemplar forma parte de la colección y puede ser consultado según las políticas vigentes.       Biblioteca del Museo Franz Mayer (Rogerio Casas-Alatriste) Biblioteca del Museo Franz Mayer (Rogerio Casas-Alatriste) 04/03/2011 H45   PE211 .K37 1896 (H45) 6162 22/03/2019 22/03/2019 Libros